Loading...

Sakthan Samuthiri

Bibliographic Details
Main Author: Vasudevan moosad. K.
Format: Printed Book
Language:Malayalam
Published: P.K. Brothers P.K. Brothers 1952
LEADER 00410nam a2200121Ia 4500
008 111205s9999 xx 000 0 mal d
100 |a Vasudevan moosad. K. 
245 |a Sakthan Samuthiri  |c Vasudevan moosad. K. 
260 |b P.K. Brothers  |a P.K. Brothers  |c 1952 
300 |a 0 
942 |c BK 
999 |c 218438  |d 218438 
952 |0 0  |1 0  |2 ddc  |4 1  |7 0  |9 241366  |a MAL  |b MAL  |c ST1  |d 1972-11-27  |g 0.00  |l 0  |p MAL7362  |r 2011-12-05  |v 0.00  |w 2011-12-05  |y BK